| 000 | 00499nam a22001817a 4500 | ||
|---|---|---|---|
| 003 | NUST - PNEC | ||
| 005 | 20170116180817.0 | ||
| 008 | 150527b xxu||||| |||| 00| 0 eng d | ||
| 020 | _a- | ||
| 040 | _cLIBRARY | ||
| 082 | _a359.5491'06 CHA | ||
| 100 |
_93708 _aChaudhri, Ejaz R. |
||
| 245 |
_aReminiscences of 1971 east Pakistan crises _cEjaz R. Chaudhri |
||
| 260 |
_aKarachi: _bMir Brothers, |
||
| 300 |
_a168 p. : _c22 cm. |
||
| 650 |
_93709 _aEast Pakistan crises _xGeneral |
||
| 942 |
_2ddc _cBK |
||
| 999 |
_c63543 _d63543 |
||